00472nam a22001697a 450000500170000001000150001702000260003203500140005803700130007208200080008524500580009325000100015126000480016127000430020930000210025270000290027320230323150630.0 aENG-136473 a9789391091248c220.00 aEN-120005 bDBAD/PUB a881 aThe Invisible Jury /cEdited By Manminder Singh Anand aFirst bThe Poetry Society Of IndiaaGurugramc2022 aH-22/16, DLF Phase -1bHaryanae122002 av94p.c21cm(pbk) aAnand, ManmindereEditor